000
00310nam a2200097Ia 4500
008
160715s9999 xx 000 0 und d
245
_a
College Division 10th Commencement Exercises
260
_b
Southville International School and Colleges
_c
April 8, 2015
500
_a
Invitation
650
_a
Archival materials.
999
_c
297748
_d
297748